Fiškálna konsolidácia ako nevyhnutný predpoklad pri riešení finančnej krízy diplomová práca

Gespeichert in:
Bibliographische Detailangaben
1. Verfasser: Mrvová, Terézia
Körperschaft: Národohospodárska fakulta EU. Katedra hospodárskej politiky
Weitere Verfasser: Chandoga, Roman
Format: Buch
Sprache:Slowakisch
Veröffentlicht: Bratislava 2015
Tags: Tag hinzufügen
Keine Tags, Fügen Sie das erste Tag hinzu!

MARC

LEADER 00000nbm a2200000 4500
001 0202432
005 20161212095113.7
041 0 |a slo 
044 |a SK 
245 1 0 |a Fiškálna konsolidácia ako nevyhnutný predpoklad pri riešení finančnej krízy  |b diplomová práca  |c Terézia Mrvová ; školiteľ: Roman Chandoga 
264 1 |a Bratislava  |c 2015 
300 |a 80 s. 
100 1 |a Mrvová, Terézia 
700 1 |a Chandoga, Roman 
710 2 |a Národohospodárska fakulta EU. Katedra hospodárskej politiky